Stonewalled, still demanding respect : police abuses against lesbian, gay, bisexual and transgender people in the USA /
Uloženo v:
| Korporativní autor: | |
|---|---|
| Médium: | Kniha |
| Jazyk: | angličtina |
| Vydáno: |
[London :
Amnesty International,
2006]
|
| Tagy: |
Žádné tagy, Buďte první, kdo vytvoří štítek k tomuto záznamu!
|
MARC
| LEADER | 00000nam a22000007i 4500 | ||
|---|---|---|---|
| 001 | IT\ICCU\RMB\0774668 | ||
| 003 | ItRI | ||
| 005 | 20240130193757.0 | ||
| 008 | 111117s2006 xxk|||||| ||||| |||||c | ||
| 020 | |a 0862103932 | ||
| 040 | |b ita |c GP | ||
| 041 | 7 | |a eng |2 ISO-639-2 | |
| 110 | 2 | |a Amnesty International |0 IT\ICCU\CFIV\002313 |4 aut | |
| 245 | 0 | 0 | |a Stonewalled, still demanding respect : |b police abuses against lesbian, gay, bisexual and transgender people in the USA / |c Amnesty International USA. |
| 260 | |a [London : |b Amnesty International, |c 2006] | ||
| 300 | |a 83 p. : |b ill. ; |c 26 cm. | ||
| 942 | |2 ddc |c BK | ||
| 952 | |0 0 |1 0 |2 ddc |4 0 |6 306_766000000000000_AMN |7 1 |9 579 |a RM |b RM |d 2024-01-30 |l 0 |o 306.766 AMN |p 76 |r 2024-01-30 19:38:27 |w 2024-01-30 |y BK | ||
| 981 | 1 | |6 z01 |a i |b xxxe | |
| 982 | 1 | |6 z01 |a n | |
| 999 | |c 516 |d 516 | ||